33-岡山県の市町村クイズ(1999年) - Statistics

General Stats
  • This quiz has been taken 138 times
  • The average score is 45 of 78
Answers on the Map
Answers color-coded by a green-red scale on the quiz's map according to % correct below.
 
Answer Stats
Answer % Correct
岡山おかやま
82%
高梁たかはし
82%
新見にいみ
80%
倉敷くらしき
78%
総社そうじゃ
78%
玉野たまの
78%
西粟倉にしあわくらそん
78%
笠岡かさおか
76%
早島はやしまちょう
76%
東粟倉ひがしあわくらそん
76%
新庄しんじょうそん
74%
津山つやま
72%
奈義なぎちょう
72%
備前びぜん
72%
井原いばら
70%
鏡野かがみのちょう
70%
久米南くめなんちょう
70%
里庄さとしょうちょう
68%
勝央しょうおうちょう
68%
建部たけべちょう
68%
矢掛やかげちょう
66%
和気わけちょう
66%
上齋原かみさいばらそん
62%
日生ひなせちょう
62%
真備まびちょう
62%
有漢うかんちょう
60%
金光こんこうちょう
60%
瀬戸せとちょう
60%
哲西てっせいちょう
60%
灘崎なださきちょう
60%
阿波あばそん
58%
長船おさふねちょう
58%
鴨方かもがたちょう
58%
賀陽かようちょう
58%
哲多てったちょう
58%
奥津おくつちょう
56%
久米くめちょう
56%
美作みまさかちょう
56%
八束やつかそん
56%
寄島よりしまちょう
56%
牛窓うしまどちょう
54%
大原おおはらちょう
54%
邑久おくちょう
54%
清音きよねそん
54%
成羽なりわちょう
54%
美星びせいちょう
54%
川上かわかみそん
52%
熊山くまやまちょう
52%
山陽さんようちょう
52%
勝北しょうぼくちょう
52%
北房ほくぼうちょう
52%
美甘みかもそん
52%
御津みつちょう
52%
作東さくとうちょう
50%
中和ちゅうかそん
50%
柵原やなはらちょう
50%
山手やまてそん
50%
吉永よしながちょう
50%
大佐おおさちょう
48%
とみそん
48%
芳井よしいちょう
48%
落合おちあいちょう
46%
勝田かつたちょう
46%
川上かわかみちょう
46%
佐伯さえきちょう
46%
船穂ふなおちょう
46%
英田あいだちょう
44%
加茂川かもがわちょう
44%
中央ちゅうおうちょう
42%
湯原ゆばらちょう
42%
赤坂あかさかちょう
40%
あさひちょう
40%
加茂かもちょう
40%
備中びっちゅうちょう
40%
久世くせちょう
38%
神郷しんごうちょう
38%
吉井よしいちょう
32%
勝山かつやまちょう
30%
No matching quizzes found
Score Distribution
Percent of People with Each Score
Percentile by Number Answered
Your Score History
You have not taken this quiz